| 000 | 00970cam a2200253 a 4500 | ||
|---|---|---|---|
| 001 | 000010042 | ||
| 005 | 20200929161820.0 | ||
| 008 | 930731s1991 pn 001 p spa c | ||
| 040 |
_aDO-SdBNP _bspa _cTxU _dDLC _dBNPHU |
||
| 082 |
_aP861.44 _bV436c |
||
| 100 | 1 |
_aVélez Valdés, Jorge, _d1953- _q(Jorge de Jesús Vélez Valdés) _925006 |
|
| 245 | 1 | 0 |
_aCorazón afuera / _cJorge Vélez Valdés. |
| 260 |
_aPanamá : _bInstituto Nacional de Cultura, Dirección Nacional de Extensión Cultural, Departamento de Letras, _bMariano Arosamena, _c1991. |
||
| 300 |
_a69 p. ; _c18 cm. |
||
| 490 | 1 |
_aNuevas letras de Panamá _aPoesía _v3 |
|
| 590 | _aSegundo ejemplar autobiografiado por el autor. | ||
| 650 | 4 |
_aPoesía panameña _94260 |
|
| 650 | 4 |
_aLiteratura panameña _94261 |
|
| 650 | 4 |
_aPoesía amorosa _99227 |
|
| 650 | 4 |
_aAmistad _xPoesías _925007 |
|
| 830 | 0 |
_aNuevas letras de Panamá _pPoesía ; _v3 _925008 |
|
| 910 | _aCatalogación por copia / LC | ||
| 049 | _aBNGR | ||
| 999 |
_c9801 _d9801 |
||